000 01690cam a22004094i 4500
003 PE-LiUPU
005 20250731184101.0
008 190826s2009 pe a r 000 0 spa d
035 _a(Sirsi) a252519
040 _aPE-LiUPU
_bspa
_cPE-LiUPU
_erda
049 _aPRUA
082 0 4 _a808.8
_bQ41
_220
100 1 _aQuinteros Meza, Rocío,
_eautor.
245 1 0 _aReceta de amor /
_cRocío Quinteros Meza, Cynthia Hurtado-Müller.
264 1 _aLima :
_bFortaleza,
_c2009.
300 _a102 páginas :
_bilustraciones ;
_c20 centímetros
336 _atext
_2rdacontent
337 _aunmediated
_2rdamedia
338 _avolume
_2rdacarrier
505 0 _aAmor -- Comunicación -- Recreación + amistad -- Autoestima -- La oración -- Individualidad -- Dios -- La sexualidad.
526 _aP145
526 _aP127
526 _aP97
526 _aP14
526 _aP07
650 0 4 _aAmor.
650 0 4 _aRelaciones interpersonales.
_95210
700 1 _aHurtado-Müller, Cynthia,
_eautor.
910 _abgr
_bncf
_cncf
_d20190826
942 _2ddc
_cBOOK
994 _aC0
_bPEPRU
596 _a1
999 _a808.8 Q41
_wLC
_c31746
_i80573
_d31746
_e2019-11-18
_lCRAI-HOUSE
_mBUL
_n1
_p10.00
_r0
_sY
_tBOOK
_u2019-8-26
_xCOLEGIO
_zUNKNOWN
_0DONACION
_o.STAFF. Colección General
999 _a808.8 Q41
_wLC
_c2
_i80574
_lCRAI-HOUSE
_mBUL
_p10.00
_r0
_sY
_tBOOK
_u2019-8-26
_xCOLEGIO
_zUNKNOWN
_0DONACION
_o.STAFF. Colección General
999 _a808.8 Q41
_wLC
_c3
_i80575
_d2022-6-19
_lCRAI-HOUSE
_mBUL
_p10.00
_q1
_r0
_sY
_tBOOK
_u2019-8-26
_xCOLEGIO
_zUNKNOWN
_0DONACION
_o.STAFF. Colección General
980 _81
_gALBERTO SANCHEZ Responsable de Automatización